000 00462nam a2200181Ia 4500
001 2281
005 20260306143830.0
008 260306t2005||||xx |||||||||||||| ||spa||
041 _aESP
082 _a616.855
_bA39
100 _aAlessandri, Maria Laura
_eAUT
245 0 _aTranstornos del lenguaje:
_bdetección y tratamiento en el aula
260 _c2005
300 _a281 páginas :
_c27 cm.
650 _aGEN
654 _aCPS
942 _cLIB
_dJUS
_fJUS
_2ddc
_n
999 _c2281
_d2281